Sporcle Categories by One Word Quiz Stats

 Plays Quiz not verified by Sporcle

Challenge
Share
Tweet
Embed
Score 0/36 Timer 06:00
0 Plays Today
Hint Answer % Correct
Entertainment - MusicalsThe Lion King
96.2%
Gaming - Board GamesChess
95.4%
History - PresidentsRichard Nixon
91.2%
Gaming - Board GamesMonopoly
90.8%
Gaming - Board GamesClue(do)
90.5%
Entertainment - MusicalsCats
89.3%
History - PresidentsBill Clinton
88.5%
History - PresidentsAbraham Lincoln
84.4%
Movies - Movie TitlesThe Matrix
84.4%
Music - ArtistsAretha Franklin
81.3%
Geography - CountriesKenya
80.9%
Movies - Movie TitlesBack to the Future
80.5%
Literature - BooksTo Kill a Mockingbird
79%
Music - ArtistsThe Beatles
74%
Music - ArtistsHanson
72.5%
Geography - CountriesThailand
69.5%
Religion - Bible BooksGenesis
69.5%
Movies - Movie Titles2001: A Space Odyssey
66.4%
Hint Answer % Correct
Religion - Bible BooksExodus
65.6%
Gaming - Board GamesRisk
63.4%
Movies - Movie TitlesCitizen Kane
62.2%
Television - ShowsThe Office (US)
60.3%
Television - ShowsGame of Thrones
59.5%
Entertainment - MusicalsLes Misérables
57.6%
Literature - BooksThrough the Looking-Glass
55%
Geography - CountriesTanzania
52.7%
Literature - BooksThe Lord of the Rings
51.9%
Geography - CountriesJordan
48.1%
Entertainment - MusicalsWicked
45.8%
Music - ArtistsNena
44.3%
Television - ShowsI Love Lucy
40.8%
Literature - BooksA Clockwork Orange
32.8%
Television - ShowsStar Trek: TNG
26.7%
Religion - Bible BooksJudges
21.4%
History - PresidentsWilliam McKinley
21%
Religion - Bible BooksDaniel
16.4%

You're not logged in!

Compare scores with friends on all Sporcle quizzes.
OR
Log In

You Might Also Like...

Show Comments

Extras

Top Quizzes Today


Score Distribution

Your Account Isn't Verified!

In order to create a playlist on Sporcle, you need to verify the email address you used during registration. Go to your Sporcle Settings to finish the process.

Report this User

Report this user for behavior that violates our Community Guidelines.

Details: